00242nam a22000977a 4500082001600000100002000016245003700036260002300073300000900096650003900105 a574.192 HAR aHarper,Harold.A aRevie of Physiological Chemistry aJapanbLangec1965 a469p aChemistryaPhysiological Chemistry